| 000 | 01174nam a2200241 i 4500 | ||
|---|---|---|---|
| 001 | 163367 | ||
| 003 | ES-MaACL | ||
| 005 | 20250820095206.0 | ||
| 008 | 931025s1768 sp |||| | spa d | ||
| 040 |
_aCAM _bspa _cPAB |
||
| 245 | 0 | 0 |
_aRetrato de los jesuitas formado al natural por los mas sábios, y mas ilustres cathólicos : _bjuicio hecho de los Jesuitas ... desde el año de 1540 ... hasta el de 1650 / _ctraducido de portugues en castellano ... |
| 250 | _aSegunda impresion. | ||
| 260 |
_aEn Madrid : _bEn la Oficina de la viuda de Eliseo Sanchez, _c1768. |
||
| 300 |
_a[2], 282, [8] p. ; _c4º. |
||
| 530 | _aDisponible en formato digital. | ||
| 597 | _aSign. : Sign.: ¶4, A-Z4. | ||
| 597 | _aTexto con apostillas marginales. | ||
| 610 | 2 | 4 |
_aJesuitas- _xHistoria _95353 |
| 852 |
_aES-MaACL _jR-3361 _9169533 _dOlim: G-2644 _zCotejado con la relación de obras recuperadas expediente Robo _zCambio de signatura. Datos tomados del fichero topográfico R _xEncuadernación en pergamino _pVol.1 |
||
| 856 |
_uhttp://bdh-rd.bne.es/viewer.vm?id=0000087451&page=1 _zBiblioteca Digital Hispánica |
||
| 942 | _2udc | ||
| 999 |
_c163367 _d163367 |
||